000 00245 a2200097 4500
001 41741
100 _aWebster's
245 _aWebster's Third New International Dictionary
260 _aLondon
_bEncyclopedia Britannica
_c
090 _c25858
_d25858
942 _aNUST-CAE
_cM
_c17622
999 _c276814
_d276814